Countries as U.S. First Names - Statistics

General Stats
  • This quiz has been taken 77,547 times
    55,807 since last reset
  • The average score is 8 of 20
Answer Stats
# People % Male Country % Correct
6,229 2 Ireland
60%
22,014 < 1 India
59%
79,677 < 1 Georgia
55%
26,584 8 Kenya
54%
64,359 98 Israel
53%
516,143 74 Jordan
50%
1,978 < 1 Italy
49%
224,783 > 99 Chad
44%
1,801 < 1 Dominica
43%
4,231 < 1 China
42%
794 < 1 Nigeria
40%
678 12 France
38%
10,364 < 1 Malaysia
37%
869 92 Taiwan
33%
5,070 15 Egypt
29%
1,383 5 Mali
29%
655 9 Brazil
28%
1,617 75 Iran
26%
1,529 2 Jamaica
23%
650 < 1 Tanzania
18%
No matching quizzes found
Score Distribution
Percent of People with Each Score
Percentile by Number Answered
Your Score History
You have not taken this quiz since the last reset